TEX TBOOK OF HUMAN ANATOMY (Record no. 3540)

MARC details
000 -LEADER
fixed length control field 00340nam a2200145Ia 4500
008 - FIXED-LENGTH DATA ELEMENTS--GENERAL INFORMATION
fixed length control field 150201s2006 xx 000 0 und d
082 ## - DEWEY DECIMAL CLASSIFICATION NUMBER
Classification number 611
Item number T2006T
100 ## - MAIN ENTRY--PERSONAL NAME
Personal name TANDAN,B.K
245 ## - TITLE STATEMENT
Title TEX TBOOK OF HUMAN ANATOMY
250 ## - EDITION STATEMENT
Edition statement 1ST
260 ## - PUBLICATION, DISTRIBUTION, ETC. (IMPRINT)
Name of publisher, distributor, etc. ARYA PUBLICATION
Place of publication, distribution, etc. DELHI
Date of publication, distribution, etc. 2006
300 ## - PHYSICAL DESCRIPTION
Extent 1-296
650 ## - SUBJECT ADDED ENTRY--TOPICAL TERM
Topical term or geographic name as entry element ANATOMY
942 ## - ADDED ENTRY ELEMENTS (KOHA)
Source of classification or shelving scheme Dewey Decimal Classification
Koha item type Books
Holdings
Withdrawn status Lost status Source of classification or shelving scheme Damaged status Not for loan Home library Current library Date acquired Source of acquisition Cost, normal purchase price Serial Enumeration / chronology SGTU Bill Number Total Checkouts Full call number Barcode Date last seen Bill Date Koha item type
    Dewey Decimal Classification     SGT Dental Library SGT Dental Library 23/01/2007 U.B.S.DELHI 325.00 1 SGTU 1013   611 T2006T FD4070 09/02/2015 06/08/2012 Books